000 00734nam a2200205Ia 4500
005 20241129110113.0
008 241129s9999||||xx |||||||||||||| ||und||
037 _aTB
040 _aARTS
_bpun
_cARTS
041 _apun
_2pun
084 _aO153,3x R3
_qARTS
100 _aਕੌਰ, ਰਮਿੰਦਰ, ਥਦ।
245 0 _aਪੰਜਾਬੀ ਕਹਾਣੀ ਦੀ ਸ਼ਾਹਗਹ
_cਕੌਰ, ਰਮਿੰਦਰ, ਥਦ।
260 _aਅੰਮ੍ਰਿਤਸਰ, ਭਾਰਤ
_bਅੰਮ੍ਰਿਤਸਰ ਰਵੀ ਸਾਹਿਤ ਪ੍ਰਕਾਸਨ
_c2017
300 _a176ਪ੍ਰ0
365 _aINR
_b195
650 _aPunjabi Fiction
_9179734
942 _cTB
_hO153,3x R3
999 _c1227320
_d1227320